000 00961nam a2200205 a 4500
001 000641093
003 AM-YeHGA
005 20250617163011.0
008 090311s1884 ||||||||||||||||||||rus|c
040 _aAM-YeHGA
041 0 _arus
100 1 _aПетрушевский, А.
245 1 0 _aГенералисимус князь Суворов :
_bВ трех томах /
_cА. Петрушевскаго.
260 _aС.-Петербург :
_bТип. М.М. Стасюлевича.,
_c1884.
300 _aт.
505 1 0 _gТ. 1 (1884, 486 с. : С портр., тремя факсимиле и картой)
_gТ. 2 (1884, 472 с. : С портр., факсимиле и картой)
_gТ. 3 (1884, 458 с. : со снимком с маски и двумя картами)
600 1 4 _aСуворов, Александр Васильевич
_d(1730-1800)
650 1 4 _aВооруженные силы, военные науки
090 _c502623
999 _c499213
_d499213